=LDR 00000nam 2200000 4500 =001 INLIS000000000027337 =005 20130612125724 =008 ***********************************Ind** =035 ##$$0010-061300000027337 =041 ##$$a Ind =082 ##$$a 618.203 =090 ##$$a 618.203, Sit k =100 ##$$a Siti,Maimunah =245 ##$$a Kamus istilah kebidanan, Siti maimunah ; Editor, Monika ester =260 ##$$a 2005 $b Jakarta =300 ##$$a v,172 hlm, 15 cm =650 ##$$a Kebidanan-Kamus =700 ##$$a Ester,Monika =850 ##$$a NBPNMAT